| 000 | 00727nam a2200217 i 4500 | ||
|---|---|---|---|
| 001 | 108154 | ||
| 003 | ES-MaACL | ||
| 005 | 20250808081322.0 | ||
| 007 | t| | ||
| 008 | 070125s1983 sp ||||1| spa d | ||
| 080 | _a35(460)(094.5) | ||
| 100 | 1 |
_aEscribano Collado, Pedro. _947635 |
|
| 245 | 1 | 0 |
_aLegislación administrativa _b: (teoría general) / _cPedro Escribano Collado. |
| 250 | _a3ª ed. | ||
| 260 |
_aSevilla : _bSecretariado de Publicaciones de la Universidad, _c1983. |
||
| 300 |
_a1062 p. ; _c21 cm. |
||
| 650 | 1 | 7 |
_aDerecho administrativo- _zEspaña _2 _9145992 |
| 710 | 2 |
_aUniversidad de Sevilla. _bSecretariado de Publicaciones. _9145422 |
|
| 852 |
_aES-MaACL _jL-6396 |
||
| 999 |
_c108154 _d108154 |
||